Biblioteca

A budget primer for young pastors (Registro nro. 69383)

Detalles MARC
000 -LÍDER
Campo fijo de descripción fija 01134nab a2200205 i 4500
001 - NÚMERO DE CONTROL
Campo de control 768714001
003 - IDENTIFICADOR DEL NÚMERO DE CONTROL
Campo de control 768714001
005 - FECHA Y HORA DE LA ULTIMA TRANSACCIÓN
control field 20240426091254.0
008 - ELEMENTOS DE LONGITUD FIJA -- INFORMACIÓN GENERAL
Campo fijo de descripción fija -- Información general 240425t1981 us ||||| |||| 00| 0 eng d
040 ## - FUENTE DE CATALOGACIÓN
Idioma de catalogación spa
Agencia que realiza la transcripción CO-MdFUSB
Agencia que realiza la modificación CO-MdFUSB
041 ## - CÓDIGO DE IDIOMA
Código de idioma para texto/pista de sonido o título separado eng
100 ## - ASIENTO PRINCIPAL--NOMBRE PERSONAL
Nombre personal Strait, C. Neil ‎
Término relacionador autor
245 ## - TÍTULO
Título A budget primer for young pastors
Mención de responsabilidad / C. Neil Strait
300 ## - DESCRIPCIÓN FÍSICA
Extensión Volumen 2, número 2 (spring, 1981), páginas: 57 - 62
Dimensiones ; 27 cm
520 ## - NOTA DE RESUMEN, ETC.
Nota de sumario, etc. Manual básico de presupuesto para pastores jóvenes.<br/>Los problemas financieros de la iglesia afectan a los pastores jóvenes. Quizás no hayan sido capacitados adecuadamente para las complejidades de la preparación del presupuesto; tal vez temen quedar atrapados en las sutilezas de los libros mayores y las cuentas bancarias. Los axiomas fundamentales de las finanzas de la iglesia pueden allanar el camino hacia la estabilidad fiscal.<br/>
546 ## - NOTA DE IDIOMA
Nota de idioma Texto en inglés.
650 #0 - ASIENTO SECUNDARIO DE MATERIA - TERMINO TEMÁTICO
Término temático o nombre geográfico como elemento de entrada Finanzas de la Iglesia
9 (RLIN) 1119
773 0# - ASIENTO DE ITEM FUENTE
Biblionumber 68780
Itemnumber 82548
Otro identificador del ítem R2482
Título Leadership :
Número de control del registro (CO-MdFUSB)768714001
Parte(s) relacionada(s) / Volumen., número. (mes año), páginas Volumen 2, número 2 (spring, 1981), páginas: 57 - 62
Enumeración y primera página página: 57
942 ## - TIPO DE MATERIAL (KOHA)
Tipo de Item KOHA Artículos de Revista

No hay ítems disponibles.

Biblioteca FUSBC | Teléfono: (57+4) 349 88 10 Ext. 141| WhatsApp (+57) 3005338115 
E-mail: biblioteca@unisbc.edu.co | Calle 76 87-14 Robledo Palenque, Medellín, Colombia

Con tecnología Koha